[Event "Arco op 44th"]
[Site "Arco"]
[Date "2022.10.16"]
[Round "9"]
[White "Hirzel, Rene"]
[Black "Giovannini, Roberto"]
[Result "1/2-1/2"]
[WhiteElo "2119"]
[BlackElo "1891"]
[PlyCount "26"]
[EventDate "2022.10.08"]
[EventType "swiss"]
[EventRounds "9"]
[EventCountry "ITA"]
[SourceTitle "CBM 210 Extra"]
[Source "ChessBase"]
[SourceDate "2022.11.30"]
[SourceVersion "1"]
[SourceVersionDate "2022.11.30"]
[SourceQuality "1"]

1. c4 c6 2. Nf3 d5 3. e3 Nf6 4. Nc3 a6 5. d4 Bf5 6. Qb3 Ra7 7. Bd2 e6 8. Be2 h6 9. h3 Bd6 10. Rc1 Nbd7 11. a3 0-0 12. Rg1 Ne4 13. Nd1 a5 1/2-1/2

[Event "Arco op 44th"]
[Site "Arco"]
[Date "2022.10.11"]
[Round "4"]
[White "Giovannini, Roberto"]
[Black "Kellner, Nikolaus"]
[Result "1-0"]
[WhiteElo "1891"]
[BlackElo "1678"]
[PlyCount "67"]
[EventDate "2022.10.08"]
[EventType "swiss"]
[EventRounds "9"]
[EventCountry "ITA"]
[SourceTitle "CBM 210 Extra"]
[Source "ChessBase"]
[SourceDate "2022.11.30"]
[SourceVersion "1"]
[SourceVersionDate "2022.11.30"]
[SourceQuality "1"]

1. c4 f5 2. d4 e6 3. Nf3 Nf6 4. Nc3 Bb4 5. Qb3 c5 6. Bd2 Na6 7. e3 Qe7 8. Be2 b6 9. 0-0 Bb7 10. a3 Bxc3 11. bxc3 Ne4 12. a4 g5 13. Rfd1 g4 14. Ne1 Qh4 15. Nd3 Rf8 16. Be1 Ng5 17. f4 Nh3+ 18. Kf1 Qh5 19. Bg3 d6 20. gxh3 Qxh3+ 21. Ke1 Qg2 22. Kd2 Bf3 23. Nf2 Bxe2 24. Kxe2 Qf3+ 25. Kf1 Nc7 26. Rd3 Qb7 27. Rad1 0-0-0 28. dxc5 dxc5 29. Rxd8+ Rxd8 30. Rxd8+ Kxd8 31. Qd1+ Ke8 32. Qd6 a5 33. Bh4 Kf7 34. Qe7+ 1-0

[Event "Arco op 43rd"]
[Site "Arco"]
[Date "2021.10.10"]
[Round "2"]
[White "Schleime, Franz Josef"]
[Black "Giovannini, Roberto"]
[Result "0-1"]
[WhiteElo "1650"]
[BlackElo "1894"]
[PlyCount "50"]
[EventDate "2021.10.09"]
[EventType "swiss"]
[EventRounds "9"]
[EventCountry "ITA"]
[SourceTitle "CBM 204 Extra"]
[Source "ChessBase"]
[SourceDate "2021.11.30"]
[SourceVersion "1"]
[SourceVersionDate "2021.11.30"]
[SourceQuality "1"]

1. d4 d5 2. Nf3 Nf6 3. e3 c6 4. Bd3 Bg4 5. c4 e6 6. Qb3 Qb6 7. Ne5 Bh5 8. Nd2 Nbd7 9. Nxd7 Nxd7 10. c5 Qc7 11. Qc2 e5 12. Bf5 exd4 13. exd4 Be7 14. 0-0 Nf6 15. h3 0-0 16. g4 Bg6 17. Nf3 Ne4 18. Bxg6 fxg6 19. Ne5 Bxc5 20. dxc5 Qxe5 21. Be3 Rf3 22. Rad1 Raf8 23. Bd4 Qe7 24. Kg2 Qh4 25. Rd3 Qxh3+ 0-1

[Event "Arco op 29th"]
[Site "Arco"]
[Date "2007.10.27"]
[Round "8"]
[White "Giovannini, Roberto"]
[Black "Coqueraut, Lodewyk"]
[Result "0-1"]
[WhiteElo "2013"]
[BlackElo "1926"]
[PlyCount "74"]
[EventDate "2007.10.20"]
[EventType "swiss"]
[EventRounds "9"]
[EventCountry "ITA"]
[SourceTitle "CBM 120 Extra"]
[Source "ChessBase"]
[SourceDate "2007.11.01"]
[SourceVersion "1"]
[SourceVersionDate "2007.11.01"]
[SourceQuality "1"]

1. d4 d5 2. Bf4 Nf6 3. e3 Bf5 4. c4 e6 5. Qb3 b6 6. Nc3 c6 7. Nf3 Bd6 8. Bxd6 Qxd6 9. cxd5 exd5 10. Rc1 0-0 11. Ne5 Nfd7 12. Nxd7 Bxd7 13. Bd3 Kh8 14. 0-0 f5 15. f4 Rf6 16. Qc2 Qe7 17. Rf3 Be6 18. Rh3 Nd7 19. Nd1 c5 20. Rh5 Raf8 21. Qf2 Rg6 22. Kh1 Qf6 23. Bb5 c4 24. b3 Nb8 25. b4 a6 26. Ba4 b5 27. Bc2 Nc6 28. Qd2 Nd8 29. a4 Nf7 30. axb5 axb5 31. Ra1 Nd6 32. Nc3 Ne4 33. Bxe4 fxe4 34. Ra6 Qd8 35. Nxb5 Bg4 36. Rxg6 Bxh5 37. Rg5 Qxg5 0-1

[Event "Arco op 29th"]
[Site "Arco"]
[Date "2007.10.25"]
[Round "6"]
[White "Giovannini, Roberto"]
[Black "Weinberg, Emanuele"]
[Result "1-0"]
[WhiteElo "2013"]
[BlackElo "1907"]
[PlyCount "119"]
[EventDate "2007.10.20"]
[EventType "swiss"]
[EventRounds "9"]
[EventCountry "ITA"]
[SourceTitle "CBM 120 Extra"]
[Source "ChessBase"]
[SourceDate "2007.11.01"]
[SourceVersion "1"]
[SourceVersionDate "2007.11.01"]
[SourceQuality "1"]

1. d4 Nf6 2. Bf4 e6 3. e3 d5 4. Bd3 c5 5. c3 Nc6 6. Nd2 c4 7. Bc2 Be7 8. a4 Qb6 9. Rb1 0-0 10. Ngf3 h6 11. Ne5 Nxe5 12. dxe5 Nd7 13. Qh5 Nc5 14. 0-0 Nd3 15. Bg3 Qc6 16. Nf3 Qe8 17. Nd4 f6 18. Qxe8 Rxe8 19. exf6 Bxf6 20. Nb5 Bd8 21. Nd6 Rf8 22. Bxd3 cxd3 23. Nxc8 Rxc8 24. Rfd1 Rc4 25. Ra1 Bf6 26. Rxd3 Rd8 27. f3 a6 28. Be1 Rdc8 29. Kf1 R8c6 30. Ra2 Kf7 31. Ke2 R4c5 32. Rd1 Rc8 33. Kd3 R5c6 34. Rc1 Rb6 35. b4 Rbc6 36. Rcc2 Rc4 37. f4 g6 38. g4 Bg7 39. h4 h5 40. gxh5 gxh5 41. Ra3 Bf6 42. Rg2 R8c7 43. Rb3 b5 44. axb5 axb5 45. Ra3 R4c6 46. Rc2 Be7 47. Rca2 Bf6 48. Ra7 Rxa7 49. Rxa7+ Kg6 50. Rb7 Kf5 51. Rxb5 Kg4 52. Rb8 Bxh4 53. b5 Rc5 54. Bxh4 Kxh4 55. b6 Rb5 56. b7 Kh3 57. Kd4 h4 58. Ke5 d4+ 59. Kxd4 Kh2 60. Rh8 1-0